Facing the schoolyard bully : (Record no. 29955)

MARC details
000 -LEADER
fixed length control field 00455nam a2200169Ia 4500
020 ## - INTERNATIONAL STANDARD BOOK NUMBER
ISBN 1-55209-456-1
050 ## - CALL MARK
Classification number BF 637 .B85 Z19/
100 ## - STATEMENT OF RESPONSIBILITY--MAIN AUTHOR NAME
Personal name Zarzour, Kim
245 #0 - TITLE STATEMENT
Title Facing the schoolyard bully :
Sub Title how to raise an assertive child in an aggressive world
260 ## - PUBLICATION, DISTRIBUTION, ETC. (IMPRINT)
Place of publication Buffalo, N.Y.
260 ## - PUBLICATION, DISTRIBUTION, ETC. (IMPRINT)
Name of publisher Firefly Books
260 ## - PUBLICATION, DISTRIBUTION, ETC. (IMPRINT)
Year of publication 2000
300 ## - PHYSICAL DESCRIPTION
Number of Pages 234 p
942 ## - ADDED ENTRY ELEMENTS (KOHA)
Koha item type Books
Holdings
Withdrawn status Lost status Source of classification or shelving scheme Damaged status Not for loan Permanent Location Current Location Date acquired Accession Number Price effective from Koha item type
    Library of Congress Classification     NILE UNIVERSITY OF NIGERIA - MAIN LIBRARY NILE UNIVERSITY OF NIGERIA - MAIN LIBRARY 04/23/2025 0001581 04/23/2025 Books